| 000 | 00962nam a2200253 i 4500 | ||
|---|---|---|---|
| 001 | 32345 | ||
| 003 | ES-MaACL | ||
| 005 | 20250702151944.0 | ||
| 007 | t| | ||
| 008 | 160928s1820 sp |||| | spa d | ||
| 110 | 2 |
_aAteneo Español _eisb _9145825 |
|
| 245 | 1 | 0 | _aEstatutos para el régimen y gobierno del Ateneo Español. |
| 260 |
_aMadrid : _b[s.n.], _c1820 _f(Imp. de Ibarra) |
||
| 300 |
_a14 p. ; _c20 cm. |
||
| 500 | _aEjemplar fotocopiado | ||
| 530 | _aDisponible en formato digital | ||
| 594 | _aEn p. 14: Madrid 1º de junio de 1820. Martín de Foronda, socio secretario | ||
| 610 | 2 | 4 |
_aAteneo Español- _vEstatutos _9160990 |
| 852 | 4 |
_aES-MaACL _cDEPOF _j2334-F-6 _zEjemplar fotocopiado _zRevisado enlace: 2 de junio de 2025 |
|
| 856 | 4 |
_uhttps://hdl.handle.net/11441/110789 _yVersión en línea _z(Biblioteca de la Universidad de Sevilla) |
|
| 942 |
_2udc _cFOLLETOS _n0 |
||
| 999 |
_c32345 _d32345 |
||